Sports Quiz

Random Sports Quiz

Ohio Professional Sports Teams Quiz Stats

 Plays Quiz not verified by Sporcle

Support Sporcle.
Go Orange.
Score 0/7 Timer 01:00
0 Plays Today
League Teams % Correct
NHLColumbus Blue Jackets
95.7%
MLBCleveland Indians
95.7%
NFLCincinnati Bengals
95.7%
NFLCleveland Browns
95.7%
MLBCincinnati Reds
94.2%
NBACleveland Cavaliers
94.2%
MLSColumbus Crew
76.8%

You're not logged in!

Compare scores with friends on all Sporcle quizzes.
OR
Log In

From the Vault

The Princess Bride Quotes

by missmay

You keep using that word...
Remove Ads.
Support Sporcle.
Get the best of Sporcle when you Go Orange. This ad-free experience offers more features, more stats, and more fun while also helping to support Sporcle. Thank you for becoming a member.

Show Comments

Extras

Top Quizzes Today


Score Distribution

Your Account Isn't Verified!

In order to create a playlist on Sporcle, you need to verify the email address you used during registration. Go to your Sporcle Settings to finish the process.

Report this User

Report this user for behavior that violates our Community Guidelines.

Details: